<?xml version="1.0" encoding="UTF-8"?>
<collection xmlns="http://www.loc.gov/MARC21/slim">
 <record>
  <leader>02619nam a2200289 a 4500</leader>
  <controlfield tag="001">1/51372</controlfield>
  <controlfield tag="008">080128s2007    be  u pdd     1   a0eng d</controlfield>
  <datafield tag="020" ind1=" " ind2=" ">
   <subfield code="a">9789279046476</subfield>
  </datafield>
  <datafield tag="022" ind1="0" ind2=" ">
   <subfield code="a">1016-8060 (print)</subfield>
  </datafield>
  <datafield tag="022" ind1="0" ind2=" ">
   <subfield code="a">1725-3187 (online)</subfield>
  </datafield>
  <datafield tag="024" ind1="0" ind2=" ">
   <subfield code="a">KC-AI-07-294-EN-N</subfield>
  </datafield>
  <datafield tag="035" ind1=" " ind2=" ">
   <subfield code="l">36703</subfield>
  </datafield>
  <datafield tag="040" ind1=" " ind2=" ">
   <subfield code="a">GR-PeUP</subfield>
  </datafield>
  <datafield tag="099" ind1=" " ind2=" ">
   <subfield code="a">ΚΕΤ Αλφαβητική σειρά</subfield>
  </datafield>
  <datafield tag="100" ind1="1" ind2=" ">
   <subfield code="a">Szekely, Istvan P.</subfield>
  </datafield>
  <datafield tag="245" ind1="1" ind2="0">
   <subfield code="a">Growth and economic policy :</subfield>
   <subfield code="b">are there speed limits to real convergence /</subfield>
   <subfield code="c">by Istvan P. Szekely and Max Watson.</subfield>
  </datafield>
  <datafield tag="260" ind1="0" ind2=" ">
   <subfield code="a">Brussels- Belgium:</subfield>
   <subfield code="b">European Comission: Directorate-General for Economic and Financial Affairs,</subfield>
   <subfield code="c">2007</subfield>
  </datafield>
  <datafield tag="300" ind1=" " ind2=" ">
   <subfield code="a">24 σ.:</subfield>
   <subfield code="b">διαγ. πιν.</subfield>
   <subfield code="c">30 εκ.</subfield>
  </datafield>
  <datafield tag="490" ind1="1" ind2=" ">
   <subfield code="a">European Economy. Economic papers ;</subfield>
  </datafield>
  <datafield tag="520" ind1="0" ind2=" ">
   <subfield code="a">Real convergence in the recently acceded EU member states (RAMS) is taking place in a new environment, with important implications for convergence and vulnerabilities. Financial liberalization can increase temporary imbalances, while financial integration provides the necessary external finance to support the larger current account deficits involved. Thus, periods during which relative prices are distorted and resources are not reallocated to reach a new equilibrium can be lengthened. When prices are sticky, the exchange rate regime matters in the short run: a fixed exchange rate regime generates a larger current account deficit than a flexible exchange rate regime. That is, the extent of vulnerability to adjustment risk will depend on several factors, and trade-offs between these, including price stickiness, the extent of unhedged balance sheet exposures, and the degree of nominal flexibility afforded by the exchange rate regime. Financial liberalization and integration may also lead to sizable changes in the composition of final demand, and through this, considerable movements in the equilibrium real exchange rate. It may therefore be a challenging task for policymakers to achieve fast and steady nominal convergence in certain phases of convergence in this new environment. The paper discusses the challenges policymakers in RAMS face and the policies that can make the convergence process faster and smoother.</subfield>
  </datafield>
  <datafield tag="580" ind1=" " ind2=" ">
   <subfield code="a">Economic Papers</subfield>
  </datafield>
  <datafield tag="700" ind1="1" ind2=" ">
   <subfield code="a">Watson, Max.</subfield>
  </datafield>
  <datafield tag="710" ind1="2" ind2=" ">
   <subfield code="a">European Commission : Directorate-General for Economic and Financial Affairs.</subfield>
  </datafield>
  <datafield tag="773" ind1="0" ind2="8">
   <subfield code="a">Economic Papers</subfield>
   <subfield code="g">December 2007, No 294.</subfield>
  </datafield>
  <datafield tag="830" ind1=" " ind2=" ">
   <subfield code="a">European Economy. Economic papers ;</subfield>
   <subfield code="v">294.</subfield>
  </datafield>
  <datafield tag="852" ind1=" " ind2=" ">
   <subfield code="a">INST</subfield>
   <subfield code="b">UNIPILB</subfield>
   <subfield code="c">KET</subfield>
   <subfield code="e">20090303</subfield>
   <subfield code="p">EEEP 294</subfield>
   <subfield code="q">EEEP 294</subfield>
   <subfield code="t">NOLOAN</subfield>
   <subfield code="y">23</subfield>
   <subfield code="4">1</subfield>
  </datafield>
  <datafield tag="856" ind1="4" ind2="1">
   <subfield code="u">http://ec.europa.eu/economy_finance/publications/publication_summary10572_en.htm</subfield>
  </datafield>
 </record>
</collection>
